000 00345nam a2200145Ia 4500
008 220216s9999 xx 000 0 und d
100 _aTiyo
245 0 _aExcess supply may cause NR price cash
260 _bRubber Asia
_c1999
300 _a94-96
650 _aNR consumption
650 _aNR price
650 _aRubber growers
942 _cJS
999 _c59079
_d59079